Vista normal
Vista MARC
Entrada Materia (personas)
Número de registros utilizados en: 1
001 - CONTROL NUMBER
- control field: 69736
003 - CONTROL NUMBER IDENTIFIER
- control field: Co-BoUCM
005 - DATE AND TIME OF LATEST TRANSACTION
- control field: 20150619070820.0
008 - FIXED-LENGTH DATA ELEMENTS
- fixed length control field: 150619|| aca||aabn | a|a d
040 ## - CATALOGING SOURCE
- Original cataloging agency: Co-BoUCM
- Transcribing agency: Co-BoUCM
100 ## - HEADING--PERSONAL NAME
- Personal name: Peñaloza Quintero, Rolando Enrique
670 ## - SOURCE DATA FOUND
- Source citation: Work cat.: (Co-BoUCM)300011: Factores de riesgo asociados a lesiones causadas por el tránsito y propuesta de intervenciones para el contexto colombiano, 2015